| 000 | 00000nam 2200000za 4500 |
| 001 | 9.819169 |
| 003 | CaOODSP |
| 005 | 20250623135802 |
| 007 | cr ||||||||||| |
| 008 | 160811s2016 onc ob f000 0 fre d |
| 020 | |a978-0-660-05635-7 |
| 040 | |aCaOODSP|bfre |
| 043 | |an-cn--- |
| 086 | 1 |aEm20-46/2016F-PDF |
| 110 | 1 |aCanada. |bEmploi et développement social Canada. |bDirection de l'évaluation. |
| 245 | 10|aÉvaluation du Programme de travail partagé |h[ressource électronique] : |brapport final. |
| 260 | |a[Ottawa] : |bEmploi et développement social Canada, |cc2016. |
| 300 | |axv, 42 p. |
| 500 | |aPubl. aussi en anglais sous le titre : Evaluation of the Work-Sharing Program: final report. |
| 500 | |a« Direction de l’évaluation, Direction générale des politiques stratégiques et de service, Emploi et Développement social Canada. » |
| 500 | |a« Le 21 mars 2016. » |
| 504 | |aComprend des références bibliographiques. |
| 692 | 07|2gccst|aProgramme fédéral |
| 692 | 07|2gccst|aTravailleur |
| 692 | 07|2gccst|aAide financière |
| 692 | 07|2gccst|aÉvaluation de programme |
| 775 | 08|tEvaluation of the Work-Sharing Program |w(CaOODSP)9.819168 |
| 794 | |tÉvaluation du Programme de Travail partagé.|w(CaOODSP)9.952612 |
| 856 | 40|qPDF|s891 Ko|uhttps://publications.gc.ca/collections/collection_2016/edsc-esdc/Em20-46-2016-fra.pdf |
| 986 | |aSP-1122-06-16F |